<?xml version="1.0" encoding="UTF-8"?>
<record
    xmlns:xsi="http://www.w3.org/2001/XMLSchema-instance"
    xsi:schemaLocation="http://www.loc.gov/MARC21/slim http://www.loc.gov/standards/marcxml/schema/MARC21slim.xsd"
    xmlns="http://www.loc.gov/MARC21/slim">

  <leader>02014nam a2200301Ia 4500</leader>
  <datafield tag="999" ind1=" " ind2=" ">
    <subfield code="c">36779</subfield>
    <subfield code="d">36779</subfield>
  </datafield>
  <controlfield tag="001">2718</controlfield>
  <controlfield tag="003">GE_BSU</controlfield>
  <controlfield tag="005">20190605161002.0</controlfield>
  <controlfield tag="008">181216s2011||||ge |||||||||||||| ||geo||</controlfield>
  <datafield tag="020" ind1=" " ind2=" ">
    <subfield code="a">9789941104763</subfield>
  </datafield>
  <datafield tag="040" ind1=" " ind2=" ">
    <subfield code="c">GE_BSU</subfield>
  </datafield>
  <datafield tag="041" ind1=" " ind2=" ">
    <subfield code="a">geo</subfield>
  </datafield>
  <datafield tag="080" ind1=" " ind2=" ">
    <subfield code="a">811.353.1 &#x10D7;&#x2013;29</subfield>
  </datafield>
  <datafield tag="245" ind1=" " ind2=" ">
    <subfield code="a">&#x10D7;&#x10D0;&#x10DC;&#x10D0;&#x10DB;&#x10D4;&#x10D3;&#x10E0;&#x10DD;&#x10D5;&#x10D4; &#x10E5;&#x10D0;&#x10E0;&#x10D7;&#x10E3;&#x10DA;&#x10D8; &#x10D4;&#x10DC;&#x10D8;&#x10E1; &#x10DB;&#x10DD;&#x10E0;&#x10E4;&#x10DD;&#x10DA;&#x10DD;&#x10D2;&#x10D8;&#x10D0; :</subfield>
    <subfield code="b">&#x10E1;&#x10D0;&#x10DA;&#x10D8;&#x10E2;&#x10D4;&#x10E0;&#x10D0;&#x10E2;&#x10E3;&#x10E0;&#x10DD; &#x10D4;&#x10DC;&#x10D0; /</subfield>
    <subfield code="c">&#x10D2;&#x10D8;&#x10DD;&#x10E0;&#x10D2;&#x10D8; &#x10D2;&#x10DD;&#x10D2;&#x10DD;&#x10DA;&#x10D0;&#x10E8;&#x10D5;&#x10D8;&#x10DA;&#x10D8;, &#x10D0;&#x10D5;&#x10D7;&#x10D0;&#x10DC;&#x10D3;&#x10D8;&#x10DA; &#x10D0;&#x10E0;&#x10D0;&#x10D1;&#x10E3;&#x10DA;&#x10D8;, &#x10DB;&#x10E3;&#x10E0;&#x10DB;&#x10D0;&#x10DC; &#x10E1;&#x10E3;&#x10EE;&#x10D8;&#x10E8;&#x10D5;&#x10D8;&#x10DA;&#x10D8; [&#x10D3;&#x10D0; &#x10E1;&#x10EE;&#x10D5;.]] ; &#x10D2;&#x10D8;&#x10DD;&#x10E0;&#x10D2;&#x10D8; &#x10D2;&#x10DD;&#x10D2;&#x10DD;&#x10DA;&#x10D0;&#x10E8;&#x10D5;&#x10D8;&#x10DA;&#x10D8;&#x10E1; &#x10E1;&#x10D0;&#x10D4;&#x10E0;&#x10D7;&#x10DD; &#x10E0;&#x10D4;&#x10D3;. ; &#x10D0;&#x10E0;&#x10DC;. &#x10E9;&#x10D8;&#x10E5;&#x10DD;&#x10D1;&#x10D0;&#x10D5;&#x10D0;&#x10E1; &#x10E1;&#x10D0;&#x10EE;. &#x10D4;&#x10DC;&#x10D0;&#x10D7;&#x10DB;&#x10D4;&#x10EA;&#x10DC;. &#x10D8;&#x10DC;-&#x10E2;&#x10D8;, &#x10E8;&#x10DD;&#x10D7;&#x10D0; &#x10E0;&#x10E3;&#x10E1;&#x10D7;&#x10D0;&#x10D5;&#x10D4;&#x10DA;&#x10D8;&#x10E1; &#x10D4;&#x10E0;&#x10DD;&#x10D5;&#x10DC;. &#x10E1;&#x10D0;&#x10DB;&#x10D4;&#x10EA;&#x10DC;. &#x10E4;&#x10DD;&#x10DC;&#x10D3;&#x10D8;. </subfield>
  </datafield>
  <datafield tag="264" ind1=" " ind2=" ">
    <subfield code="a">&#x10D7;&#x10D1;&#x10D8;&#x10DA;&#x10D8;&#x10E1;&#x10D8; :</subfield>
    <subfield code="b">&#x10DB;&#x10D4;&#x10E0;&#x10D8;&#x10D3;&#x10D8;&#x10D0;&#x10DC;&#x10D8;,</subfield>
    <subfield code="c">2011. </subfield>
  </datafield>
  <datafield tag="300" ind1=" " ind2=" ">
    <subfield code="a">831 &#x10D2;&#x10D5;. ;</subfield>
    <subfield code="b">25 &#x10E1;&#x10DB;.</subfield>
  </datafield>
  <datafield tag="653" ind1=" " ind2=" ">
    <subfield code="a">&#x10E5;&#x10D0;&#x10E0;&#x10D7;&#x10E3;&#x10DA;&#x10D8; &#x10D4;&#x10DC;&#x10D8;&#x10E1; &#x10DB;&#x10DD;&#x10E0;&#x10E4;&#x10DD;&#x10DA;&#x10DD;&#x10D2;&#x10D8;</subfield>
  </datafield>
  <datafield tag="653" ind1=" " ind2=" ">
    <subfield code="a">&#x10E5;&#x10D0;&#x10E0;&#x10D7;&#x10E3;&#x10DA;&#x10D8; &#x10E1;&#x10D0;&#x10DA;&#x10D8;&#x10E2;&#x10D4;&#x10E0;&#x10D0;&#x10E2;&#x10E3;&#x10E0;&#x10DD; &#x10D4;&#x10DC;&#x10D0;</subfield>
  </datafield>
  <datafield tag="700" ind1=" " ind2=" ">
    <subfield code="a">&#x10D2;&#x10DD;&#x10D2;&#x10DD;&#x10DA;&#x10D0;&#x10E8;&#x10D5;&#x10D8;&#x10DA;&#x10D8;, &#x10D2;&#x10D8;&#x10DD;&#x10E0;&#x10D2;&#x10D8;</subfield>
    <subfield code="e">&#x10D0;&#x10D5;&#x10E2;&#x10DD;&#x10E0;&#x10D8;</subfield>
    <subfield code="9">2128</subfield>
  </datafield>
  <datafield tag="700" ind1=" " ind2=" ">
    <subfield code="a">&#x10D0;&#x10E0;&#x10D0;&#x10D1;&#x10E3;&#x10DA;&#x10D8;, &#x10D0;&#x10D5;&#x10D7;&#x10D0;&#x10DC;&#x10D3;&#x10D8;&#x10DA;</subfield>
    <subfield code="e">&#x10D0;&#x10D5;&#x10E2;&#x10DD;&#x10E0;&#x10D8;</subfield>
    <subfield code="9">316</subfield>
  </datafield>
  <datafield tag="700" ind1=" " ind2=" ">
    <subfield code="a">&#x10E1;&#x10E3;&#x10EE;&#x10D8;&#x10E8;&#x10D5;&#x10D8;&#x10DA;&#x10D8;, &#x10DB;&#x10E3;&#x10E0;&#x10DB;&#x10D0;&#x10DC;</subfield>
    <subfield code="e">&#x10D0;&#x10D5;&#x10E2;&#x10DD;&#x10E0;&#x10D8;</subfield>
    <subfield code="9">2129</subfield>
  </datafield>
  <datafield tag="700" ind1=" " ind2=" ">
    <subfield code="a">&#x10DB;&#x10D0;&#x10DC;&#x10EF;&#x10D2;&#x10D0;&#x10DA;&#x10D0;&#x10EB;&#x10D4;, &#x10DB;&#x10D0;&#x10E0;&#x10D8;&#x10D0;&#x10DB;</subfield>
    <subfield code="e">&#x10D0;&#x10D5;&#x10E2;&#x10DD;&#x10E0;&#x10D8;</subfield>
    <subfield code="9">2130</subfield>
  </datafield>
  <datafield tag="700" ind1=" " ind2=" ">
    <subfield code="a">&#x10ED;&#x10E3;&#x10DB;&#x10D1;&#x10E3;&#x10E0;&#x10D8;&#x10EB;&#x10D4;, &#x10DC;&#x10D8;&#x10DC;&#x10DD; &#x10D3;&#x10D0; &#x10E1;&#x10EE;&#x10D5;.</subfield>
    <subfield code="e">&#x10D0;&#x10D5;&#x10E2;&#x10DD;&#x10E0;&#x10D8;</subfield>
    <subfield code="9">2131</subfield>
  </datafield>
  <datafield tag="700" ind1=" " ind2=" ">
    <subfield code="a">&#x10D2;&#x10DD;&#x10D2;&#x10DD;&#x10DA;&#x10D0;&#x10E8;&#x10D5;&#x10D8;&#x10DA;&#x10D8;, &#x10D2;&#x10D8;&#x10DD;&#x10E0;&#x10D2;&#x10D8;</subfield>
    <subfield code="e">&#x10E0;&#x10D4;&#x10D3;&#x10D0;&#x10E5;&#x10E2;&#x10DD;&#x10E0;&#x10D8;</subfield>
    <subfield code="9">2128</subfield>
  </datafield>
  <datafield tag="710" ind1=" " ind2=" ">
    <subfield code="a">&#x10D0;&#x10E0;&#x10DC;. &#x10E9;&#x10D8;&#x10E5;&#x10DD;&#x10D1;&#x10D0;&#x10D5;&#x10D0;&#x10E1; &#x10E1;&#x10D0;&#x10EE;. &#x10D4;&#x10DC;&#x10D0;&#x10D7;&#x10DB;&#x10D4;&#x10EA;&#x10DC;. &#x10D8;&#x10DC;-&#x10E2;&#x10D8;</subfield>
    <subfield code="9">1996</subfield>
  </datafield>
  <datafield tag="710" ind1=" " ind2=" ">
    <subfield code="a">&#x10E8;&#x10DD;&#x10D7;&#x10D0; &#x10E0;&#x10E3;&#x10E1;&#x10D7;&#x10D0;&#x10D5;&#x10D4;&#x10DA;&#x10D8;&#x10E1; &#x10D4;&#x10E0;&#x10DD;&#x10D5;&#x10DC;. &#x10E1;&#x10D0;&#x10DB;&#x10D4;&#x10EA;&#x10DC;. &#x10E4;&#x10DD;&#x10DC;&#x10D3;&#x10D8;</subfield>
    <subfield code="9">2132</subfield>
  </datafield>
  <datafield tag="942" ind1=" " ind2=" ">
    <subfield code="c">BK</subfield>
    <subfield code="2">udc</subfield>
  </datafield>
  <datafield tag="952" ind1=" " ind2=" ">
    <subfield code="0">0</subfield>
    <subfield code="1">0</subfield>
    <subfield code="2">udc</subfield>
    <subfield code="4">0</subfield>
    <subfield code="6">8113531_&#x10D7;29</subfield>
    <subfield code="7">0</subfield>
    <subfield code="9">35890</subfield>
    <subfield code="a">CPL</subfield>
    <subfield code="b">CPL</subfield>
    <subfield code="c">GEN</subfield>
    <subfield code="d">2018-12-17</subfield>
    <subfield code="g">30.00</subfield>
    <subfield code="o">811.353.1 &#x10D7;-29</subfield>
    <subfield code="p">4563</subfield>
    <subfield code="r">2018-12-17</subfield>
    <subfield code="t">4563</subfield>
    <subfield code="w">2018-12-17</subfield>
    <subfield code="y">BK</subfield>
    <subfield code="z">30 &#x10DA;.</subfield>
  </datafield>
</record>
